000 00598nam a2200157Ia 4500
008 240428s9999||||xx |||||||||||||| ||und||
041 _aeng
082 _aPL/MOFISH&AQ/20
100 _a - Ministry of Fisheries and Aquaculture Development
245 0 _aMinistry of Fisheries and aquaculture Development: National Premix Fuel Secretariat; 2020 Handing Over
260 _bMinistry of Fisheries and Aquaculture Development
_a[Accra] :
_c2020
300 _a65p.:diag,tabs
650 _aMinistry of Fisheries and Aquaculture Development - National Premix Fuel Secretariat
942 _cAR
999 _c684
_d684